Karpos: Coleccion de Frutos de la Isla de Santo Domingo= Karpo : colletion of Fruitd From The Island of Santo Domingo / Omar Paino Perdomo (Registro nro. 12251)

Detalles MARC
000 -LEADER
fixed length control field 00659nam a22001811a 4500
001 - CONTROL NUMBER
control field 12251
003 - CONTROL NUMBER IDENTIFIER
control field OSt
005 - DATE AND TIME OF LATEST TRANSACTION
control field 20260204212318.0
008 - FIXED-LENGTH DATA ELEMENTS--GENERAL INFORMATION
fixed length control field 150407s2009|||| ||||||b||||||||||spa||
020 ## - NUMERO DE LIBRO INTERNACIONAL NORMALIZADO
International Standard Book Number 9789945427684
082 ## - DEWEY DECIMAL CLASSIFICATION NUMBER
Classification number RD 581.464 P161k
100 ## - ASIENTO PRINCIPAL -- NOMBRE PERSONAL
Personal name Paino Perdomo, Omar
245 ## - TÍTULO PROPIAMENTE DICHO: SUBTÍTULO
Title Karpos: Coleccion de Frutos de la Isla de Santo Domingo= Karpo : colletion of Fruitd From The Island of Santo Domingo / Omar Paino Perdomo
264 ## - PRODUCTION, PUBLICATION, DISTRIBUTION, MANUFACTURE, AND COPYRIGHT NOTICE
Place of production, publication, distribution, manufacture Santo Domingo : Instituto Panamericano de Geografia e Historia
300 ## - PHYSICAL DESCRIPTION
Extensión 188 p.
650 ## - ASIENTO SECUNDARIO DE MATERIA -- TERMINO TEMÁTICO
Termino Temático Como Elemento de Entrada 1- FRUTICULTURA - INVESTIGACION - REPUBLICA DOMINICANA 2- FLORA DOMINICANA- INVESTIGACIONÌ
942 ## - ADDED ENTRY ELEMENTS (KOHA)
Source of classification or shelving scheme Dewey Decimal Classification
Koha item type Libros

No hay ítems disponibles.

© 2021 Derechos Reservados UTECO - Teléfono: +1 809-585-2291 - Correo electrónico: biblioteca@uteco.edu.do​  
Código postal 43000 ​​
Dirección: Avenida Universitaria No. 100, 
Cotuí, Provincia Sánchez Ramírez, República Dominicana - RNC: 404-00059-6